El papel del maestro en la educación matemática

সংরক্ষণ করুন:
গ্রন্থ-পঞ্জীর বিবরন
প্রধান লেখক: Urueta Rico, Cuauhtémoc (Author)
বিন্যাস: গ্রন্থ
ভাষা:স্প্যানিশ
প্রকাশিত: Ciudad de México Grupo Editorial Iberoamérica 2001
মালা:Matemática y Educación Básica, 4
বিষয়গুলি:
ট্যাগগুলো: ট্যাগ যুক্ত করুন
কোনো ট্যাগ নেই, প্রথমজন হিসাবে ট্যাগ করুন!

MARC

LEADER 00000nam a2200000 a 4500
001 UCI3040
003 CL-VaPUC
008 071012e20010000MX |||||||||||||||||spa|d
020 |a 9706252789 
082 0 4 |a 372.7  |b URU  |2 21 
100 0 |a Urueta Rico, Cuauhtémoc  |e author  |9 524374 
245 1 3 |a El papel del maestro en la educación matemática 
300 |a 52 p 
942 |c BK 
945 |d 20071012 00:00:00  |a rbrito 
260 |a Ciudad de México  |b Grupo Editorial Iberoamérica  |c 2001 
650 0 |a Matemáticas  |x Enseñanza  |9 875527 
650 0 |a Educación básica   |9 224933 
650 0 |a Métodos de enseñanza  |9 270413 
650 7 |a PROFESOR DE MATEMATICAS  |2 CL-VaPUC  |9 369114 
650 0 |a Formación profesional de profesores  |9 307493 
583 |a last modification  |c 20071012 00:00:00  |k Rodrigo Vera 
490 0 |a Matemática y Educación Básica, 4 
999 |c 327435  |d 327433 
952 |0 0  |1 0  |4 0  |6 372_700000000000000_URU_2001  |7 0  |8 A  |9 410262  |a BIBEDU  |b BIBEDU  |d 2019-11-22  |i 4378806  |o 372.7 URU 2001  |p 4378806  |r 2019-11-22  |w 2019-11-22  |y BK  |k EPE